[Event "Moscow-ch final"]
[Site "Moscow"]
[Date "2019.04.04"]
[Round "6"]
[White "Pavlov, Mark"]
[Black "Makarenko, Aleksandr"]
[Result "1-0"]
[WhiteElo "2006"]
[BlackElo "2215"]
[PlyCount "71"]
[EventDate "2019.03.30"]
[EventType "swiss"]
[EventRounds "9"]
[EventCountry "RUS"]
[SourceTitle "CBM 189 Extra"]
[Source "ChessBase"]
[SourceDate "2019.06.03"]
[SourceVersion "1"]
[SourceVersionDate "2019.06.03"]
[SourceQuality "1"]

1. d4 e6 2. Nf3 d5 3. c4 c6 4. Qc2 Nf6 5. Nbd2 Nbd7 6. g3 Be7 7. Bg2 0-0 8. 0-0 b6 9. e4 Bb7 10. e5 Ne8 11. cxd5 cxd5 12. Re1 a5 13. Bf1 Rc8 14. Qd1 Nc7 15. Bd3 Ba6 16. Nf1 Bxd3 17. Qxd3 Nb8 18. Bd2 Qd7 19. h4 Qb5 20. Qe3 Nca6 21. a3 Nd7 22. Bc3 Qc6 23. N1h2 Nc7 24. Ng5 Bxg5 25. hxg5 Nb5 26. Rac1 Qb7 27. Ng4 Nxc3 28. bxc3 Rce8 29. Kg2 f5 30. gxf6 gxf6 31. Rh1 Re7 32. exf6 Nxf6 33. Qg5+ Rg7 34. Nxf6+ Kh8 35. Qe5 Qf7 36. Rh6 1-0

[Event "Moscow-ch final"]
[Site "Moscow"]
[Date "2019.03.31"]
[Round "2"]
[White "Makarenko, Aleksandr"]
[Black "Usov, Aleksandr E"]
[Result "0-1"]
[WhiteElo "2215"]
[BlackElo "1627"]
[PlyCount "106"]
[EventDate "2019.03.30"]
[EventType "swiss"]
[EventRounds "9"]
[EventCountry "RUS"]
[SourceTitle "CBM 189 Extra"]
[Source "ChessBase"]
[SourceDate "2019.06.03"]
[SourceVersion "1"]
[SourceVersionDate "2019.06.03"]
[SourceQuality "1"]

1. e4 c6 2. d4 d5 3. exd5 cxd5 4. Bd3 Nc6 5. c3 Qc7 6. Ne2 Bg4 7. f3 Bh5 8. Bf4 Qd7 9. 0-0 e6 10. Nd2 Bd6 11. Nb3 Bxf4 12. Nxf4 Bg6 13. Nc5 Qc7 14. Qd2 Bxd3 15. Ncxd3 Nf6 16. Rae1 0-0 17. Ne2 Nd7 18. Ng3 Rfe8 19. f4 f5 20. Ne5 Ndxe5 21. fxe5 g6 22. Ne2 b5 23. b4 a5 24. a3 a4 25. Nf4 Na7 26. Nd3 Nc8 27. Nc5 Nb6 28. Rf3 Nc4 29. Qc1 Qe7 30. Rh3 Ra7 31. Rf1 Qd8 32. g4 Rg7 33. Kh1 Qe7 34. Rh6 Rf8 35. gxf5 Rxf5 36. Rxf5 exf5 37. Rh3 Rf7 38. e6 Rf8 39. Qh6 f4 40. Rf3 Nxa3 41. Rxf4 Nc4 42. Nd7 Rxf4 43. Qxf4 a3 44. Qb8+ Kg7 45. Qa8 h5 46. Nc5 Qf6 47. Qb7+ Kh6 48. Kg1 a2 49. Nb3 Qg5+ 50. Kf2 Qe3+ 51. Kg2 Qe2+ 52. Kg3 h4+ 53. Kxh4 Qf2+ 0-1

[Event "Moscow-chT"]
[Site "Moscow"]
[Date "2018.09.27"]
[Round "5.3"]
[White "Makarenko, Aleksandr"]
[Black "Matyunin, Maxim"]
[Result "1/2-1/2"]
[WhiteElo "2219"]
[BlackElo "2235"]
[PlyCount "49"]
[EventDate "2018.09.20"]
[EventType "team-swiss"]
[EventRounds "7"]
[EventCountry "RUS"]
[SourceTitle "CBM 186 Extra"]
[Source "ChessBase"]
[SourceDate "2018.08.24"]
[SourceVersion "1"]
[SourceVersionDate "2018.08.24"]
[SourceQuality "1"]
[WhiteTeam "RGSU"]
[BlackTeam "Severo Vostok"]
[WhiteTeamCountry "RUS"]
[BlackTeamCountry "RUS"]

1. d4 e6 2. Nf3 d5 3. g3 Nf6 4. Bg2 Bd6 5. 0-0 0-0 6. c4 b6 7. Nc3 Nbd7 8. Nd2 Bb7 9. e4 dxe4 10. Ndxe4 Rb8 11. Qa4 Nxe4 12. Nxe4 Nf6 13. Nxf6+ Qxf6 14. Bxb7 Rxb7 15. Qc6 Rbb8 16. Be3 Qe7 17. Rab1 f5 18. f4 Qe8 19. Qg2 Be7 20. Rfe1 Rd8 21. b3 Rd6 22. Rbd1 Qa8 23. Rd2 Qxg2+ 24. Kxg2 Rfd8 25. Red1 1/2-1/2

[Event "Moscow-chT"]
[Site "Moscow"]
[Date "2018.09.25"]
[Round "4.1"]
[White "Kozionov, Kirill"]
[Black "Makarenko, Aleksandr"]
[Result "1-0"]
[WhiteElo "2458"]
[BlackElo "2219"]
[PlyCount "65"]
[EventDate "2018.09.20"]
[EventType "team-swiss"]
[EventRounds "7"]
[EventCountry "RUS"]
[SourceTitle "CBM 186 Extra"]
[Source "ChessBase"]
[SourceDate "2018.08.24"]
[SourceVersion "1"]
[SourceVersionDate "2018.08.24"]
[SourceQuality "1"]
[WhiteTeam "Karpov Chess School"]
[BlackTeam "RGSU"]
[WhiteTeamCountry "RUS"]
[BlackTeamCountry "RUS"]

1. d4 Nf6 2. c4 e6 3. Nc3 d5 4. Nf3 c6 5. Bg5 Be7 6. e3 0-0 7. Qc2 Nbd7 8. cxd5 exd5 9. Bd3 Re8 10. 0-0 h6 11. Bf4 Nf8 12. h3 Be6 13. Rab1 a5 14. a3 N8d7 15. Bh2 Bf8 16. b4 axb4 17. axb4 b5 18. Ne5 Qb6 19. Kh1 Qb7 20. f4 Nb6 21. f5 Bd7 22. e4 Ra3 23. Nxd7 Nfxd7 24. e5 f6 25. e6 Nb8 26. Qc1 Ra7 27. Be2 Na6 28. Bh5 Rea8 29. Bf7+ Kh8 30. Ne2 Nc4 31. Nf4 Bd6 32. Qe1 Qc7 33. e7 1-0

[Event "Moscow-chT"]
[Site "Moscow"]
[Date "2018.09.23"]
[Round "3.2"]
[White "Gorbatov, Alexej"]
[Black "Makarenko, Aleksandr"]
[Result "0-1"]
[WhiteElo "2389"]
[BlackElo "2219"]
[PlyCount "140"]
[EventDate "2018.09.20"]
[EventType "team-swiss"]
[EventRounds "7"]
[EventCountry "RUS"]
[SourceTitle "CBM 186 Extra"]
[Source "ChessBase"]
[SourceDate "2018.08.24"]
[SourceVersion "1"]
[SourceVersionDate "2018.08.24"]
[SourceQuality "1"]
[WhiteTeam "Perovo"]
[BlackTeam "RGSU"]
[WhiteTeamCountry "RUS"]
[BlackTeamCountry "RUS"]

1. e4 c5 2. Nf3 d6 3. d4 cxd4 4. Nxd4 Nf6 5. Nc3 a6 6. a4 Nc6 7. Be2 e6 8. Be3 Be7 9. 0-0 0-0 10. Nb3 b6 11. f4 Bb7 12. Bf3 Qc7 13. Rf2 Nb4 14. Rd2 d5 15. e5 Nd7 16. a5 b5 17. Ne2 Nc5 18. Ned4 Na4 19. c3 Nc6 20. Nxc6 Bxc6 21. Qe2 Rfc8 22. Nd4 Bd7 23. Bf2 g6 24. Qe1 Rab8 25. Bh4 Bf8 26. f5 Re8 27. Bf6 b4 28. Rc2 bxc3 29. bxc3 Qxa5 30. fxg6 fxg6 31. h4 Qb6 32. Kh2 Bg7 33. Bxg7 Kxg7 34. h5 Rbc8 35. Qe3 Qd8 36. Rh1 g5 37. Kg1 Kh8 38. h6 Qe7 39. Bg4 Rf8 40. g3 Nb6 41. Be2 Be8 42. Bxa6 Bg6 43. Bxc8 Nc4 44. Qe1 Bxc2 45. Bxe6 Be4 46. Rh2 Nxe5 47. Rb2 Nd3 48. Qe2 Nxb2 49. Bxd5 Rf1+ 50. Qxf1 Bxd5 51. Qf2 Nd3 52. Nf5 Qe4 53. Qd4+ Qxd4+ 54. cxd4 Nb4 55. Ne7 Be4 56. Kf2 Nd5 57. Nc8 Kg8 58. Nd6 Bd3 59. Ke1 Kf8 60. Kd2 Bg6 61. Nc4 Ke7 62. Ne5 Be4 63. Ke2 Kf6 64. Kf2 Kf5 65. Ke2 Nf6 66. Ke3 Bd5 67. Ke2 Ne4 68. Kf3 g4+ 69. Kg2 Nf6+ 70. Kf2 Ke4 0-1

[Event "Voronezh op-B 20th"]
[Site "Voronezh"]
[Date "2016.06.18"]
[Round "6"]
[White "Makarenko, Aleksandr"]
[Black "Mikhnenko, Alexander"]
[Result "1-0"]
[WhiteElo "2026"]
[BlackElo "1707"]
[PlyCount "85"]
[EventDate "2016.06.12"]
[EventType "swiss"]
[EventRounds "9"]
[EventCountry "RUS"]
[SourceTitle "EXT 2017"]
[Source "ChessBase"]
[SourceDate "2016.10.25"]
[SourceVersion "1"]
[SourceVersionDate "2016.10.25"]
[SourceQuality "1"]

1. d4 e6 2. c4 d5 3. Nf3 Nf6 4. g3 Be7 5. Bg2 dxc4 6. Ne5 0-0 7. 0-0 c5 8. dxc5 Qc7 9. Nxc4 Bxc5 10. Nc3 Rd8 11. Qb3 Nc6 12. Be3 Bxe3 13. Nxe3 Bd7 14. Rac1 Na5 15. Qa3 Bc6 16. Na4 Qd6 17. Qxd6 Rxd6 18. Nc5 b6 19. Nd3 Bxg2 20. Kxg2 Rc6 21. b4 Rxc1 22. Rxc1 Nb7 23. Rc7 Nd6 24. Ne5 Nfe8 25. Rd7 a5 26. a3 axb4 27. axb4 Rc8 28. h4 Rc7 29. Rd8 Kf8 30. Rb8 b5 31. Nd3 Nb7 32. Ng4 Ke7 33. Nge5 f6 34. Nc6+ Rxc6 35. Rxb7+ Nc7 36. Nc5 e5 37. e4 Kf7 38. Rb8 Kg6 39. Rc8 Kf7 40. h5 g6 41. Kh3 Kg7 42. Rxc7+ Rxc7 43. Ne6+ 1-0

[Event "Voronezh op-B 20th"]
[Site "Voronezh"]
[Date "2016.06.16"]
[Round "5"]
[White "Makarenko, Aleksandr"]
[Black "Ajrapetian, Nikita"]
[Result "1-0"]
[WhiteElo "2026"]
[BlackElo "1918"]
[PlyCount "81"]
[EventDate "2016.06.12"]
[EventType "swiss"]
[EventRounds "9"]
[EventCountry "RUS"]
[SourceTitle "EXT 2017"]
[Source "ChessBase"]
[SourceDate "2016.10.25"]
[SourceVersion "1"]
[SourceVersionDate "2016.10.25"]
[SourceQuality "1"]

1. d4 Nf6 2. c4 e6 3. Nf3 b6 4. g3 Bb7 5. Bg2 d5 6. 0-0 Nbd7 7. cxd5 exd5 8. Nc3 Be7 9. Ne5 0-0 10. Qa4 Nxe5 11. dxe5 Nd7 12. Nxd5 Nc5 13. Qd1 c6 14. Nxe7+ Qxe7 15. Qd6 Rfe8 16. Qxe7 Rxe7 17. f4 Rd8 18. Be3 Na4 19. Rfd1 Red7 20. Rxd7 Rxd7 21. b3 Nc3 22. Kf1 Ba6 23. Bxc6 Bxe2+ 24. Ke1 Rc7 25. Bg2 Bg4 26. Bd2 Rc8 27. a4 Kf8 28. Rc1 Na2 29. Rxc8+ Bxc8 30. Bd5 Ke7 31. b4 Be6 32. Bxe6 Kxe6 33. Kd1 Kd5 34. Kc2 Kc4 35. f5 Kd5 36. e6 fxe6 37. fxe6 Kxe6 38. Kb3 Nxb4 39. Kxb4 Kd5 40. Kb5 h6 41. h4 1-0

[Event "Voronezh op-B 20th"]
[Site "Voronezh"]
[Date "2016.06.13"]
[Round "2"]
[White "Makarenko, Aleksandr"]
[Black "Chervonenkis, Boris"]
[Result "1-0"]
[WhiteElo "2026"]
[BlackElo "1696"]
[PlyCount "85"]
[EventDate "2016.06.12"]
[EventType "swiss"]
[EventRounds "9"]
[EventCountry "RUS"]
[SourceTitle "EXT 2017"]
[Source "ChessBase"]
[SourceDate "2016.10.25"]
[SourceVersion "1"]
[SourceVersionDate "2016.10.25"]
[SourceQuality "1"]

1. c4 e5 2. g3 Nc6 3. Bg2 Nf6 4. Nc3 Bc5 5. e3 0-0 6. Nge2 Re8 7. 0-0 e4 8. Qc2 Qe7 9. a3 d6 10. Nd5 Nxd5 11. cxd5 Nd8 12. d3 Bf5 13. dxe4 Bxe4 14. Bxe4 Qxe4 15. Qxe4 Rxe4 16. b4 Bb6 17. Bb2 f6 18. Rac1 Kf8 19. Bd4 Re7 20. a4 Ke8 21. Rfd1 Kd7 22. a5 Bxd4 23. Nxd4 a6 24. Nf5 Rf7 25. e4 g6 26. Nd4 Re7 27. f3 Rc8 28. Rc3 Re8 29. Kf2 Re7 30. Rdc1 Re8 31. h4 Re7 32. g4 Re8 33. R3c2 Re7 34. g5 Rf7 35. h5 fxg5 36. hxg6 hxg6 37. Rg1 Rg7 38. Rxg5 Nf7 39. Rg1 c6 40. Rgc1 Nd8 41. Ke3 Ra8 42. Rh1 cxd5 43. Rh6 1-0